Nyaya anyay/ (Record no. 31890)

000 -LEADER
fixed length control field 00358nam a22001451a 4500
082 ## - DEWEY DECIMAL CLASSIFICATION NUMBER
Classification number H3
Item number VIM/N
100 ## - MAIN ENTRY--PERSONAL NAME
Personal name Vimal Mitra
9 (RLIN) 166256
245 ## - TITLE STATEMENT
Title Nyaya anyay/
Statement of responsibility, etc. by Vimal Mitra.
260 ## - PUBLICATION, DISTRIBUTION, ETC.
Place of publication, distribution, etc. Delhi:
Name of publisher, distributor, etc. Rajbhasha,
Date of publication, distribution, etc. 1997.
300 ## - PHYSICAL DESCRIPTION
Extent 104p.
650 ## - SUBJECT ADDED ENTRY--TOPICAL TERM
Topical term or geographic name entry element Novel Hindi
9 (RLIN) 166257
650 ## - SUBJECT ADDED ENTRY--TOPICAL TERM
Topical term or geographic name entry element Literature Hindi
9 (RLIN) 166258
650 ## - SUBJECT ADDED ENTRY--TOPICAL TERM
Topical term or geographic name entry element Literature
9 (RLIN) 166259
942 ## - ADDED ENTRY ELEMENTS (KOHA)
Koha item type Book
Holdings
Withdrawn status Lost status Damaged status Not for loan Permanent Location Current Location Date acquired Cost, normal purchase price Total Checkouts Full call number Barcode Date last seen Cost, replacement price Price effective from Koha item type
        Sree Sankaracharya University of Sanskrit Sree Sankaracharya University of Sanskrit 08.01.2015 100.00   H3 VIM/N 011502 08.01.2015 0.00 08.01.2015 Book